Countries of the World but with Listenbourg - Statistics

General Stats
  • This quiz has been taken 17 times
  • The average score is 151 of 197
Answers on the Map
Answers color-coded by a green-red scale on the quiz's map according to % correct below.
 
Answer Stats
Country % Correct
Austria
100%
Belarus
100%
Belgium
100%
Romania
100%
Albania
90%
Algeria
90%
Andorra
90%
Angola
90%
Benin
90%
Botswana
90%
Cameroon
90%
Canada
90%
Chad
90%
China
90%
Croatia
90%
Cyprus
90%
Democratic Republic of the Congo
90%
Denmark
90%
Egypt
90%
Estonia
90%
Finland
90%
France
90%
Gabon
90%
Germany
90%
Iceland
90%
India
90%
Iran
90%
Iraq
90%
Ireland
90%
Italy
90%
Japan
90%
Kosovo
90%
Libya
90%
Listenbourg
90%
Mexico
90%
Moldova
90%
Netherlands
90%
Norway
90%
Pakistan
90%
Poland
90%
Portugal
90%
Republic of the Congo
90%
Russia
90%
Serbia
90%
Spain
90%
Sweden
90%
Ukraine
90%
United Kingdom
90%
Afghanistan
80%
Argentina
80%
Bahamas
80%
Bahrain
80%
Belize
80%
Bosnia and Herzegovina
80%
Bulgaria
80%
Burkina Faso
80%
Burundi
80%
Cape Verde
80%
Chile
80%
Colombia
80%
Comoros
80%
Cuba
80%
Czech Republic
80%
Central African Republic
80%
Fiji
80%
Gambia
80%
Ghana
80%
Greece
80%
Haiti
80%
Hungary
80%
Israel
80%
Ivory Coast
80%
Jordan
80%
Latvia
80%
Liberia
80%
Liechtenstein
80%
Lithuania
80%
Luxembourg
80%
Madagascar
80%
Mali
80%
Malta
80%
Monaco
80%
Montenegro
80%
Morocco
80%
Mozambique
80%
Nepal
80%
Niger
80%
Nigeria
80%
North Korea
80%
North Macedonia
80%
Oman
80%
Panama
80%
Peru
80%
Rwanda
80%
San Marino
80%
Saudi Arabia
80%
Senegal
80%
Slovakia
80%
Slovenia
80%
South Africa
80%
South Korea
80%
Switzerland
80%
Syria
80%
Tanzania
80%
Togo
80%
Tunisia
80%
Turkey
80%
Uganda
80%
United Arab Emirates
80%
United States
80%
Vatican City
80%
Yemen
80%
Zambia
80%
Zimbabwe
80%
Armenia
70%
Australia
70%
Bangladesh
70%
Bhutan
70%
Bolivia
70%
Brazil
70%
Brunei
70%
Costa Rica
70%
Djibouti
70%
Dominica
70%
Dominican Republic
70%
Ecuador
70%
Eswatini
70%
Ethiopia
70%
Grenada
70%
Guinea
70%
Guinea-Bissau
70%
Guyana
70%
Jamaica
70%
Kazakhstan
70%
Kenya
70%
Kiribati
70%
Kuwait
70%
Laos
70%
Lebanon
70%
Lesotho
70%
Malawi
70%
Maldives
70%
Mauritania
70%
Mauritius
70%
Mongolia
70%
Myanmar
70%
Namibia
70%
Nauru
70%
New Zealand
70%
Palau
70%
Papua New Guinea
70%
Qatar
70%
Sierra Leone
70%
Singapore
70%
Somalia
70%
South Sudan
70%
Sri Lanka
70%
Sudan
70%
Taiwan
70%
Uruguay
70%
Uzbekistan
70%
Venezuela
70%
Vietnam
70%
Antigua and Barbuda
60%
Azerbaijan
60%
Barbados
60%
Cambodia
60%
São Tomé and Príncipe
60%
East Timor
60%
El Salvador
60%
Equatorial Guinea
60%
Eritrea
60%
Federated States of Micronesia
60%
Georgia
60%
Guatemala
60%
Honduras
60%
Indonesia
60%
Kyrgyzstan
60%
Malaysia
60%
Marshall Islands
60%
Nicaragua
60%
Paraguay
60%
Philippines
60%
Saint Kitts and Nevis
60%
Saint Lucia
60%
Saint Vincent and the Grenadines
60%
Samoa
60%
Seychelles
60%
Solomon Islands
60%
Suriname
60%
Tajikistan
60%
Thailand
60%
Tonga
60%
Trinidad and Tobago
60%
Turkmenistan
60%
Tuvalu
60%
Vanuatu
60%
No matching quizzes found
Score Distribution
Percent of People with Each Score
Percentile by Number Answered
Your Score History
You have not taken this quiz